Statistics for Hard U.S. Cities Chain

Click here to take the quiz!

General Stats

  • This quiz has been taken 167 times
  • The average score is 12 of 24

Answer Stats

HintU.S. City% Correct
Capital of CaliforniaSacramento
100%
Where the NBA team 'Thunder' is locatedOklahoma City
88%
Mardi Gras, birthplace of JazzNew Orleans
83%
Hollywood, Malibu, Beverly HillsLos Angeles
79%
Capital of Minnesota, Twin CitiesSt. Paul
77%
Capital of TexasAustin
69%
BBQ, abbreviated to KCKansas City
67%
World's busiest airportAtlanta
66%
NJ city with a NYC airportNewark
64%
North of the BronxYonkers
62%
3:10 to hereYuma
55%
Southern shore of the San Francisco BaySan Jose
51%
Barack Obama was born hereHonolulu
50%
Sherman's March to the SeaSavannah
47%
Near the Mexican city Ciudad JuárezEl Paso
44%
Biggest city in AlaskaAnchorage
42%
NY city in the Mohawk ValleyUtica
38%
CA city or Spanish for 'hidden'Escondido
31%
Two-Word suburb of Kansas CityOverland Park
26%
Fourth most populous in Kansas, KC suburbOlathe
21%
Southeasternmost city of AlaskaKetchikan
18%
Southern ArizonaTucson
17%
Boeing factoryEverett
15%
Independent city in the Hampton Roads metropolitan areaNewport News
12%

Score Distribution

Percentile by Number Answered

Percent of People with Each Score

Your Score History

You have not taken this quiz